[Event "3rd Kolkata GM Open 2018"]
[Site "Kolkata"]
[Date "2018.05.15"]
[Round "2"]
[White "Raja Rithvik R"]
[Black "Gupta, Abhijeet"]
[Result "1/2-1/2"]
[WhiteElo "2316"]
[BlackElo "2619"]
[Annotator "TA"]
[PlyCount "134"]
[EventDate "2018.??.??"]
[EventType "swiss"]
[EventCountry "IND"]
[SourceTitle "playchess.com"]
[Source "ChessBase"]
[SourceQuality "1"]

{[%evp 26,134,11,15,26,6,30,16,43,37,100,105,144,132,143,120,142,90,94,51,51,58,56,52,52,56,88,87,129,117,133,119,168,155,179,173,179,139,205,97,213,105,203,173,197,193,243,172,171,168,241,201,198,183,189,179,528,504,639,633,623,629,630,622,612,545,502,0,574,530,654,640,885,868,975,919,1004,903,716,656,29977,29974,29974,121,105,98,112,7,75,8,8,8,8,8,38,7,12,0,0,0,0,0,0,0,0,0,0,0,0,0,8]} 1. Nf3 Nf6 2. c4 Nc6 3. d4 e6 4. g3 Bb4+ 5. Bd2 Bxd2+ 6. Nbxd2 d6 7. Bg2 O-O 8. O-O e5 9. d5 Nb8 10. e4 a5 11. Ne1 Na6 12. Nd3 Qe7 13. Qc2 Bd7 14. Qc3 {LiveBook: 6 Games. E11: Bogo-Indian} b5 15. Rac1 (15. c5 Nxc5 16. Nxc5 dxc5 17. Rfc1 c4 18. a4 c6 19. dxc6 Bxc6 20. axb5 Bxb5 21. Rxa5 Rxa5 22. Qxa5 {½-½ (33) Vorobiov,E (2570)-Khismatullin,D (2656) Taganrog 2011}) 15... b4 $146 16. Qc2 {White has an edge.} c6 17. c5 {[%cal Bc4c5,Bc5d6][%mdl 32]} cxd5 ({Black should try} 17... Nxc5 $1 $14 18. Nxc5 dxc5) 18. cxd6 $16 Qe8 19. exd5 e4 20. Nxe4 Nxe4 21. Rce1 (21. Rfe1 $142) 21... Bf5 {[#]} 22. d7 $1 {[%mdl 512]} Qxd7 23. Bxe4 Bxe4 24. Rxe4 Qxd5 25. Re5 $36 {[%mdl 2048] White is pushing.} Qd8 26. Rd1 Qf6 27. Rxa5 Qb6 28. Re5 Rac8 29. Qb3 h6 30. Rde1 Rcd8 31. a3 Rb8 (31... Rd4 $16 {is a better defense.} 32. Re8 Nc5 33. Nxc5 (33. Rxf8+ Kxf8 34. Nxc5 Qxc5 $16) 33... Qxc5) 32. Nf4 (32. a4 $18 {and White stays clearly on top.}) 32... Kh8 (32... bxa3 $16 {keeps fighting.} 33. Qxb6 (33. Qxa3 Nc7 $16) 33... Rxb6) 33. Qe3 (33. a4 $1 $18) 33... Qd6 (33... bxa3 $16 34. bxa3 (34. Qxa3 Nb4 $16) 34... Qxe3 35. R1xe3 (35. R5xe3 g5 $16) 35... g5) 34. Rd5 Qc6 35. Rc1 Qb7 36. Rd6 bxa3 37. bxa3 Rbc8 (37... Rfc8 $142 38. Rxc8+ Rxc8) 38. Rxc8 Rxc8 39. Nd5 Qb1+ 40. Kg2 Nc5 $2 (40... Nc7 41. Qf3 Nxd5) 41. Ne7 $1 $18 {[%cal Re7c8]} Rb8 42. Qxc5 {Black must now prevent Qd5.} Qe4+ 43. Kh3 Re8 44. Rd7 Qe2 45. Kg2 Qe4+ 46. Kh3 Qe2 47. Qe3 Qf1+ 48. Kh4 {aiming for Ng6+!} Qc4+ 49. f4 {Strongly threatening Ng6+.} Kh7 50. Qe5 Qa2 51. Kh3 {Threatens to win with Qe4+.} Qc4 52. Qd5 Qf1+ 53. Kh4 Qe2 54. Qd3+ $2 (54. Qf5+ {mates} Kh8 55. Qxf7 Qxh2+ 56. Kg4 Qe2+ 57. Kh3 Rxe7 58. Qxe7 Qh5+ 59. Kg2) 54... Qxd3 $16 55. Rxd3 Rxe7 {[%mdl 4096] Endgame [#] KR-KR} 56. Rd2 (56. a4 $1 $16) 56... Re4 {[#]} (56... Ra7 $1 $11) 57. Kg4 ({Better is} 57. Rd7 $1 $16) 57... Ra4 $11 58. Rd3 Kg6 59. Kf3 Kf5 60. g4+ Kf6 {The position is equal.} 61. h4 g5 62. fxg5+ hxg5 63. h5 Kg7 64. Rb3 Kh6 65. Kg3 Kg7 66. Rc3 Ra5 67. Rb3 Ra4 {Precision: White = 55%, Black = 37%.} 1/2-1/2

[Event "3rd Kolkata GM Open 2018"]
[Site "Kolkata"]
[Date "2018.05.15"]
[Round "2"]
[White "Pranav, V."]
[Black "Rozum, Ivan"]
[Result "0-1"]
[WhiteElo "2315"]
[BlackElo "2581"]
[Annotator "TA"]
[PlyCount "162"]
[EventDate "2018.??.??"]
[EventType "swiss"]
[EventCountry "IND"]
[SourceTitle "playchess.com"]
[Source "ChessBase"]
[SourceQuality "1"]

{[%evp 9,161,-51,-41,-67,-16,-12,-22,-24,-9,-35,-27,-64,-68,-73,-72,-59,-74,-66,2,8,4,-13,-16,-19,-18,-9,-14,-10,-10,-10,-13,-10,-7,-16,-16,-103,-111,-135,-135,-124,-145,-225,-232,-295,-284,-295,-292,-277,-299,-330,-323,-310,-291,-291,-288,-270,-271,-253,-245,-303,-303,-293,-296,-368,-367,-363,-323,-423,-420,-472,-500,-482,-490,-512,-489,-474,-460,-502,-497,-471,-475,-537,-530,-762,-762,-742,-741,-694,-653,-656,-648,-810,-793,-1032,-989,-848,-724,-724,-718,-915,-916,-902,-892,-918,-863,-1276,-1225,-1122,-1101,-1908,-1866,-2981,-2500,-29951,-29952,-29952,-29951,-29953,-29954,-29952,-29955,-29950,-29952,-29977,-29975,-29984,-29985,-29984,-29976,-29976,-29977,-29972,-29964,-29961,-29964,-29963,-29966,-29961,-29965,-29961,-29964,-29961,-29948,-10029,-2919,-29959,-5915,-29983,-29963,-29997,-29998,-29998,-29999,-29999]} 1. e4 c6 2. Nc3 d5 3. Qe2 d4 4. Nb1 e5 5. g3 c5 6. Bg2 $146 {B11: Caro-Kann: Two Knights Variation} ({Predecessor:} 6. d3 Nc6 7. a4 Bd6 8. Bh3 Nge7 9. Bd2 Bxh3 10. Nxh3 Qd7 {½-½ (28) Zvjaginsev,V (2643)-Tomashevsky,E (2710) Sochi 2017}) 6... d3 (6... Nc6 $15) 7. Qxd3 $11 Qxd3 8. cxd3 {The position is equal.} Nc6 9. Nc3 Be6 {[%mdl 1024] Black has compensation.} 10. Nge2 O-O-O 11. O-O f6 ({Much worse is} 11... Rxd3 $6 12. f4 $11) 12. b3 Nb4 13. f4 Nh6 ({Black should play} 13... Ne7 $15) 14. fxe5 fxe5 15. Bb2 Nxd3 16. Ba3 $1 c4 17. Bxf8 Rhxf8 18. Nd5 cxb3 19. axb3 Kb8 20. Nec3 Ng4 21. Rxf8 Rxf8 22. Bf1 (22. b4 $11) 22... Ngf2 $17 23. Bxd3 Nxd3 24. b4 {[#]} Bh3 $1 25. Ne3 (25. Rd1 $17) 25... Nxb4 $19 26. Ncd1 {[#]} Nc2 $1 {[%mdl 512]} 27. Ra2 (27. Nxc2 Rf1#) 27... Ne1 28. Nf2 Be6 ({Don't play} 28... Nf3+ 29. Kh1 $19) 29. Ra5 b6 30. Rb5 Bd7 31. Rb1 Nf3+ 32. Kg2 Be6 33. d3 Nd4 34. Neg4 Nc6 35. Ne3 Kb7 36. Nfd1 Rd8 37. Nb2 Nb4 38. Nbc4 Nxd3 39. Na5+ Kc7 40. Nac4 Rd4 41. Nd2 Nc5 42. Rb2 Nxe4 43. Nf3 Rd3 44. Rc2+ Kb7 45. Re2 Nc3 46. Re1 e4 47. Ng5 Bg8 48. Nf5 Rd5 49. g4 g6 50. Nh6 Rxg5 51. h4 Re5 52. Nxg8 {[%mdl 4096] Endgame KRN-KRN} h5 53. Nf6 hxg4 54. Kg3 Re6 55. Nxg4 b5 {[%cal Bb6b5,Bb5b4,Bb4b3,Bb3b2][%mdl 32]} 56. Kf4 b4 57. Ne5 b3 58. Nc4 Ka6 59. Ra1+ Kb5 60. Nd2 b2 61. Rxa7 e3 62. Rb7+ Kc6 63. Rxb2 e2 64. Nf3 Rf6+ 65. Kg4 Kd5 ({Not} 65... Rxf3 66. Rxe2 Rd3 67. Re6+ Kd5 68. Rxg6 $11) 66. Rc2 Ke4 67. Ne1 Rf1 68. Rc1 Nd1 69. Rc4+ Kd5 70. Rc8 Ne3+ 71. Kg3 Nf5+ 72. Kg2 Nxh4+ 73. Kg3 Nf5+ 74. Kg2 Rxe1 {KRN-KR} 75. Kf2 Ra1 76. Kxe2 Ke4 77. Rg8 Ra2+ (77... Ra6 $142 78. Kd2 Kf4 79. Rc8 Rd6+ 80. Ke2 g5 81. Ra8 g4 82. Ra4+ Rd4 83. Ra1 g3 84. Rf1+ Kg4 85. Rh1 g2 86. Rg1 Kg3 87. Rc1 Kh2 88. Rb1 g1=Q 89. Rxg1 Kxg1 90. Kf3 Kh1 91. Kf2 Kh2 92. Kf1 Kg3 93. Ke2 Kg2 94. Ke1 Kf3 95. Kf1 Rd1#) 78. Kf1 Kf3 {[%cal Ra2a1] Black mates.} 79. Kg1 Rg2+ 80. Kf1 Ne3+ 81. Ke1 Re2# {Precision: White = 37%, Black = 85%.} 0-1

[Event "3rd Kolkata GM Open 2018"]
[Site "Kolkata"]
[Date "2018.05.15"]
[Round "2"]
[White "Sekar, B."]
[Black "Sengupta, Deep"]
[Result "0-1"]
[WhiteElo "2304"]
[BlackElo "2563"]
[Annotator "TA"]
[PlyCount "104"]
[EventDate "2018.??.??"]
[EventType "swiss"]
[EventCountry "IND"]
[SourceTitle "playchess.com"]
[Source "ChessBase"]
[SourceQuality "1"]

{[%evp 29,104,12,6,-11,0,-15,-21,-17,-4,-21,-13,-23,26,22,29,31,43,33,38,31,35,36,25,29,38,-1,0,-2,-1,-16,0,0,0,0,0,0,70,78,77,0,67,0,68,0,0,-66,-64,-62,-62,-52,-62,-102,-101,-121,-102,-165,-162,-174,-174,-302,-171,-170,-157,-276,-300,-303,-290,-279,-259,-414,-406,-490,-488,-585,-574,-485,-444]} 1. e4 e5 2. Nf3 Nc6 3. Bb5 a6 4. Ba4 Nf6 5. O-O Be7 6. Re1 b5 7. Bb3 d6 8. c3 O-O 9. h3 Na5 10. Bc2 c5 11. d4 Nd7 12. Nbd2 exd4 13. cxd4 Re8 {C96: Closed Ruy Lopez: Chigorin Defence: 11 d4, replies other than 11...Qc7} 14. Nf1 Nc6 15. d5 Nce5 {[#] LiveBook: 4 Games. The position is equal.} 16. N1h2 $146 ({Predecessor:} 16. N3h2 Bh4 17. Re2 c4 18. Be3 Qc7 19. f4 Ng6 20. Qd2 Nc5 21. Bd4 {1-0 (38) Paravyan,D (2528)-Romanov,E (2619) Sochi 2016}) 16... Nxf3+ 17. Qxf3 Ne5 18. Qd1 Bf6 19. Rb1 a5 20. b3 a4 21. bxa4 b4 22. a3 bxa3 23. Bxa3 Nc4 24. Bc1 Bd7 25. Ng4 Bd4 26. Qd3 Qa5 27. Rf1 {[#] And now e5 would win.} Qc3 28. Qxc3 Bxc3 29. Bd3 h5 30. Ne3 Nxe3 31. Bxe3 Bxa4 32. Rb6 Rad8 (32... Be5 $1 $11) 33. Rc1 $14 Be5 34. Ra6 (34. f4 $16 Bf6 35. Kf2) 34... Bb3 (34... Ra8 $11) 35. Rb6 (35. f4 $5 {[%cal Rf4e5]} Bf6 36. Kf2 $16) 35... Ba4 36. Ra6 ({White should try} 36. f4 $14 Bf6 37. Kf2) 36... Ra8 37. Rxa4 (37. Rb6 $11) 37... Rxa4 $15 38. Bb5 Rea8 39. Bxa4 Rxa4 {[%mdl 4096] Endgame KRB-KRB} 40. f3 h4 41. Re1 f6 42. Bf2 (42. Kf1 $17 {is a better defense.}) 42... g5 $19 43. Kf1 Kf7 44. Rd1 {[#]} (44. Rb1 $142) 44... Ra2 (44... f5 $142 $1 {[%mdl 512]} 45. exf5 Kf6) 45. Be3 Kg6 46. Rd2 (46. Rc1 $17) 46... Ra3 47. Bf2 f5 48. Ke2 Ra4 49. exf5+ (49. Kd3 {keeps fighting.}) 49... Kxf5 50. Be3 Bf4 {Black is clearly winning.} 51. Bxf4 Kxf4 (51... Rxf4 $2 52. Ra2 $19) 52. Kf2 Rd4 {Precision: White = 39%, Black = 59%.} 0-1

[Event "3rd Kolkata GM Open 2018"]
[Site "Kolkata"]
[Date "2018.05.15"]
[Round "2"]
[White "Mohammad Fahad Rahman"]
[Black "Lalith Babu M R"]
[Result "1/2-1/2"]
[WhiteElo "2296"]
[BlackElo "2531"]
[Annotator "TA"]
[PlyCount "44"]
[EventDate "2018.??.??"]
[EventType "swiss"]
[EventCountry "IND"]
[SourceTitle "playchess.com"]
[Source "ChessBase"]
[SourceQuality "1"]

{[%evp 15,44,49,93,64,76,80,79,86,78,27,20,-37,-27,-62,-33,-62,-39,-52,0,-71,0,0,0,0,0,0,0,0,0,0,0]} 1. e4 c6 2. Nc3 d5 3. Nf3 Bg4 4. h3 Bxf3 5. Qxf3 e6 6. Be2 g6 {B11: Caro-Kann: Two Knights Variation} 7. d4 Bg7 8. Be3 Ne7 {LiveBook: 4 Games. White is slightly better.} 9. g4 Nd7 10. O-O-O Qa5 11. Kb1 a6 $146 ({Predecessor:} 11... b5 12. exd5 cxd5 13. Nxb5 O-O 14. Bf4 {1-0 (26) Malakhov,V (2605)-Mateuta,G (2409) Yerevan 2000}) 12. Bg5 (12. h4 $16) 12... b5 $11 {[#] Hoping for ...b4.} 13. Bxe7 (13. exd5 $11 cxd5 14. a3) 13... Kxe7 $15 14. exd5 cxd5 {aiming for ...b4.} 15. Nxd5+ exd5 16. Qxd5 {[#] And now Rhe1 would win.} Rae8 ({Black should play} 16... Qd8 $1 $15) 17. Bf3 (17. Rhe1 $11 {keeps the balance.} Kd8 18. g5) 17... Qb6 (17... Rd8 $17) 18. Rhe1+ $11 {The position is equal.} Kd8 19. Qa8+ Nb8 20. Qd5+ $1 Nd7 $1 21. Qa8+ Nb8 22. Qd5+ Nd7 $1 {Precision: White = 34%, Black = 52%.} 1/2-1/2

[Event "3rd Kolkata GM Open 2018"]
[Site "Kolkata"]
[Date "2018.05.15"]
[Round "2"]
[White "Aronyak Ghosh"]
[Black "Narayanan, Srinath"]
[Result "0-1"]
[WhiteElo "2294"]
[BlackElo "2525"]
[Annotator "TA"]
[PlyCount "94"]
[EventDate "2018.??.??"]
[EventType "swiss"]
[EventCountry "IND"]
[SourceTitle "playchess.com"]
[Source "ChessBase"]
[SourceQuality "1"]

{[%evp 12,94,43,31,30,33,46,39,35,30,35,25,28,-7,-10,0,6,-50,-43,-58,-46,-52,-32,-122,-86,-208,-208,-282,-276,-262,-270,-262,-237,-258,-166,-204,-171,-197,-180,-163,-168,-179,-156,-156,-156,-156,-157,-157,-156,-156,-160,-152,-91,-89,-87,-99,-92,-95,-97,-113,-103,-111,-96,-110,-105,-113,-116,-134,-142,-224,-224,-237,-236,-214,-221,-296,-222,-315,-310,-577,-544,-733,-735,-691,-683]} 1. c4 e5 2. Nc3 Nc6 3. Nf3 f5 4. d4 e4 5. Ng5 Nf6 6. e3 d6 {A27: English Opening: Three Knights Variation} 7. Be2 {LiveBook: 3 Games} g6 8. h4 Bh6 {White is slightly better.} 9. b3 $146 ({Predecessor:} 9. Nh3 Ne7 10. d5 Bg7 11. Qd2 c6 12. dxc6 bxc6 13. Nf4 O-O 14. b3 {½-½ (55) Videki,S (2415)-Norri,J Espoo 1989}) 9... Qe7 10. Bb2 Nd8 11. d5 a6 12. g4 Bg7 {[%cal Rf6g4]} 13. gxf5 Bxf5 14. Qd2 (14. Qc2 $1 $11) 14... h6 $15 15. Nh3 g5 16. O-O-O Nf7 17. c5 (17. Qc2 $15) 17... dxc5 $17 18. d6 (18. Na4 $17 {keeps fighting.}) 18... Nxd6 $19 ({But not} 18... Qxd6 19. Qc2 $17) 19. Nd5 Nxd5 20. Bh5+ Kd7 21. Qxd5 Bxb2+ 22. Kxb2 Bxh3 23. Rxh3 {Bg4+ is the strong threat.} Qe6 ({Stronger than} 23... gxh4 24. Bg4+ Ke8 25. Rxh4 $1 $11 {[%mdl 512]}) 24. f3 Qxd5 25. Rxd5 Kc6 26. fxe4 Nxe4 27. Re5 Nf2 28. Bf3+ Kb6 29. Re6+ c6 30. Rh2 Nd3+ 31. Kc3 Rhd8 (31... Nb4 $142 32. a3 Rhe8 33. Rxe8 Rxe8) 32. Rxh6 $17 gxh4 33. Be4 Ne5 {Strongly threatening ...Ng4.} 34. R2xh4 Re8 35. Rf4 Rad8 36. Rh3 Rg8 37. Rf2 Rg4 38. Rf4 Rg1 39. Rh5 Re8 40. Bc2 {[#]} (40. Bf5 $17) 40... Ng4 $1 $19 41. e4 {Threatens to win with Rg5.} Rg3+ 42. Kb2 Ne3 {aiming for ...Rg2.} 43. Rh2 a5 44. Rf7 (44. e5 {was worth a try.}) 44... c4 {[%cal Bc5c4,Bc4c3][%mdl 32]} 45. Re2 $2 (45. Rhh7 Rg2 46. Kc3 (46. Rxb7+ $2 Kc5 $19) 46... Nxc2 47. Rxb7+ Kc5 48. bxc4) 45... Rd8 {Black is clearly winning.} 46. Rh7 {[#]} c3+ $1 {[%mdl 512]} 47. Ka3 (47. Kxc3 Nd1+) 47... Rd2 {Precision: White = 31%, Black = 85%.} 0-1

[Event "3rd Kolkata GM Open 2018"]
[Site "Kolkata"]
[Date "2018.05.15"]
[Round "2"]
[White "Prasad, Devaki V"]
[Black "Deepan Chakkravarthy J."]
[Result "1-0"]
[WhiteElo "2284"]
[BlackElo "2516"]
[Annotator "TA"]
[PlyCount "97"]
[EventDate "2018.??.??"]
[EventType "swiss"]
[EventCountry "IND"]
[SourceTitle "playchess.com"]
[Source "ChessBase"]
[SourceQuality "1"]

{[%evp 26,97,33,5,49,34,47,48,50,41,47,40,37,35,50,0,0,0,8,19,21,0,116,106,129,121,135,138,126,60,121,73,131,106,129,115,135,123,206,225,210,235,193,229,253,248,235,247,468,431,551,500,597,583,693,873,870,850,1418,959,1694,1665,1639,1592,1556,1506,1379,1343,1118,764,762,704,6594,5685]} 1. e4 e5 2. Nf3 Nc6 3. Bb5 a6 4. Ba4 Nf6 5. O-O Be7 6. Re1 b5 7. Bb3 d6 8. c3 O-O 9. h3 Na5 10. Bc2 c5 11. d4 Qc7 12. Nbd2 Bd7 13. Nf1 Nc4 14. d5 {LiveBook: 14 Games} a5 {C97: Closed Ruy Lopez: Chigorin Defence: 11 d4 Qc7, sidelines} 15. a4 Nb6 16. axb5 Bxb5 {[#] White is slightly better.} 17. Ne3 $146 ({Predecessor:} 17. Ng3 g6 18. Nh2 Rfe8 19. Ng4 Nxg4 20. hxg4 Qd8 21. Nf1 Bxf1 22. Rxf1 {½-½ (38) Leko,P (2555)-Frolov,A (2540) Moscow 1994}) 17... g6 18. Nh2 h5 19. Qf3 Nh7 20. g4 h4 21. Qd1 Kg7 22. Nf3 Rh8 23. Kh1 Nf8 (23... Ng5 $11 {keeps the balance.} 24. Nf5+ gxf5 25. Bxg5 f6) 24. Rg1 $16 Nfd7 25. g5 c4 26. Ng4 Nc5 27. Nh6 (27. Be3 $16) 27... Kf8 (27... Nb3 $1 $14 28. Bxb3 cxb3) 28. Rg4 ({Reject} 28. Nxh4 $6 Rxh6 29. gxh6 Bxh4 $11) 28... Ke8 (28... Nb3 $142 29. Bxb3 cxb3) 29. Rxh4 ({But not} 29. Nxh4 Bd7 $14) 29... a4 30. Be3 Nbd7 31. Nd2 Nb6 (31... Qd8 $16) 32. Qf1 $18 Nd3 33. Bxd3 cxd3 34. f4 Rf8 35. fxe5 dxe5 36. Ng4 Rb8 $2 {[#]} (36... Ra6 37. Rh7 Bd6 38. Bxb6 Rxb6) 37. Nf6+ {White is clearly winning.} Bxf6 38. Qxf6 ({Not} 38. gxf6 Nc4 $16) 38... Nd7 39. Qg7 Qd6 40. c4 Ba6 41. Rxa4 Rxb2 42. Rh8 Rc2 {[#]} 43. c5 $1 {[%mdl 512]} Rxc5 (43... Nxc5 44. Bxc5) 44. Bxc5 Qxc5 45. Rxf8+ Nxf8 46. Qxe5+ Ne6 47. Qb8+ Nd8 48. Qf4 Bc8 49. Rc4 {Precision: White = 70%, Black = 30%.} 1-0

[Event "3rd Kolkata GM Open 2018"]
[Site "Kolkata"]
[Date "2018.05.15"]
[Round "2"]
[White "Sahoo Utkal Ranjan"]
[Black "Rahman, Ziaur"]
[Result "1/2-1/2"]
[WhiteElo "2281"]
[BlackElo "2495"]
[Annotator "TA"]
[PlyCount "60"]
[EventDate "2018.??.??"]
[EventType "swiss"]
[EventCountry "IND"]
[SourceTitle "playchess.com"]
[Source "ChessBase"]
[SourceQuality "1"]

{[%evp 14,60,33,22,58,59,78,63,72,83,106,109,98,106,99,109,102,84,117,107,134,130,125,109,122,123,171,152,160,72,75,27,70,35,118,80,80,50,51,61,55,0,64,0,55,0,55,0,69]} 1. d4 g6 2. c4 Bg7 3. Nf3 d6 4. Nc3 Nf6 5. g3 O-O 6. Bg2 c6 7. O-O Bf5 8. Re1 {LiveBook: 98 Games} Qc8 {E62: King's Indian: Fianchetto: 6...c6 and Panno Variation (6...Nc6) without ...a6} (8... Ne4 9. Qb3 Qb6 10. g4 Nxc3 11. gxf5 Ne4 12. fxg6 hxg6 13. Qd3 d5 14. b3 Nd7 15. Be3 e6 16. h4 f5 17. cxd5 exd5 {1-0 (48) Mamedyarov,S (2800)-Caruana,F (2808) Paris 2017}) 9. e4 {[%cal Be2e4,Be4e5][%mdl 32]} Bh3 10. e5 Bxg2 {White is slightly better.} 11. Kxg2 Ne8 $146 ({Predecessor:} 11... dxe5 12. dxe5 Ne8 13. Bg5 {1-0 (34) Polyakova,N (2190)-Hlubina,P Ostrava 1996}) 12. Bg5 f6 13. exf6 exf6 14. Bf4 g5 15. Bd2 $36 {[%mdl 2048] White is in control.} Nd7 16. Re7 {Strongly threatening Qe2.} Rf7 {[#]} 17. Rxf7 $1 Kxf7 18. Qe2 Nf8 19. d5 g4 {[#]} 20. Nh4 $1 Ng6 21. Nxg6 (21. f3 $142) 21... hxg6 $16 22. f3 gxf3+ 23. Qxf3 {aiming for h4.} Qd7 (23... f5 $1 $14) 24. g4 Kg8 25. Rf1 {Qe4 is the strong threat.} Nc7 26. Qe4 Qe8 27. Qf3 Qd7 28. Qe4 Qe8 29. Qf3 Qd7 30. Qe4 Qe8 {Precision: White = 42%, Black = 65%.} 1/2-1/2

[Event "3rd Kolkata GM Open 2018"]
[Site "Kolkata"]
[Date "2018.05.15"]
[Round "2"]
[White "Ziatdinov, Raset"]
[Black "Swapnil, S.  Dhopade"]
[Result "1/2-1/2"]
[WhiteElo "2281"]
[BlackElo "2505"]
[Annotator "TA"]
[PlyCount "75"]
[EventDate "2018.??.??"]
[EventType "swiss"]
[EventCountry "IND"]
[SourceTitle "playchess.com"]
[Source "ChessBase"]
[SourceQuality "1"]

{[%evp 16,75,-30,-27,0,-14,-5,-42,-11,-19,-18,-16,-19,-38,182,162,180,176,158,165,160,182,178,185,118,24,17,19,24,24,22,21,16,3,8,0,4,0,8,8,3,6,12,10,19,30,22,16,41,47,35,0,0,0,0,0,0,0,0,0,0,0]} 1. e4 c6 2. d4 d5 3. e5 c5 4. dxc5 Nc6 5. Bb5 e6 6. Be3 Nge7 7. Nf3 {[%cal Bg1f3,Bf3d4,Bd4c6][%mdl 32]} Nf5 {B12: Caro-Kann: Advance Variation} 8. Bd4 Qa5+ 9. Nc3 {LiveBook: 3 Games} a6 $146 {Black has an edge.} ({Predecessor:} 9... Bd7 10. a3 Nfxd4 11. Nxd4 Nxe5 12. b4 Qd8 13. O-O Bxb5 14. Ndxb5 Be7 15. Re1 {1-0 (43) Vachier Lagrave,M (2762)-Najer,E (2653) Dubai 2014}) 10. Bxc6+ bxc6 11. O-O Nxd4 12. Nxd4 Qxc5 13. Na4 Qa5 14. c4 c5 $2 (14... Bd7 $1 $15 {keeps the upper hand.} 15. Nc3 Be7) 15. b4 $1 $18 {[%cal Rb4a5]} cxb4 16. Nc6 Qc7 17. cxd5 exd5 18. Rc1 $1 ({Much less strong is} 18. Qxd5 $6 Be6 $14) 18... Qb7 {[#]} 19. Qd4 $1 ({Don't do} 19. Qxd5 $6 Be6 $14) 19... Bd7 {[#]} 20. Qb6 (20. Na5 $1 $16 {[%cal Ra5b7]} Qa7 21. Qb6 Qxb6 22. Nxb6) 20... Bxc6 $1 $11 21. Rxc6 Qxb6 $1 22. Nxb6 Rd8 23. Rd1 d4 24. Nc4 Be7 25. Rxa6 O-O 26. f4 Ra8 27. Rxa8 Rxa8 {[%mdl 4096] Endgame KRB-KRN} 28. Rd2 f6 29. Kf2 Kf7 30. Kf3 f5 31. g4 Ke6 32. gxf5+ Kxf5 33. Nd6+ Bxd6 $1 {The position is equal.} 34. exd6 Ra3+ 35. Kf2 {With the idea d7.} Ke6 36. Rxd4 {And now d7 would win.} Rxa2+ 37. Kg3 {Threatens to win with d7.} Ra7 38. Rxb4 {Precision: White = 67%, Black = 64%.} 1/2-1/2

[Event "3rd Kolkata GM Open 2018"]
[Site "Kolkata"]
[Date "2018.05.15"]
[Round "2"]
[White "Jayakumaar S"]
[Black "Vignesh N R"]
[Result "0-1"]
[WhiteElo "2276"]
[BlackElo "2485"]
[Annotator "TA"]
[PlyCount "76"]
[EventDate "2018.??.??"]
[EventType "swiss"]
[EventCountry "IND"]
[SourceTitle "playchess.com"]
[Source "ChessBase"]
[SourceQuality "1"]

{[%evp 9,76,1,-4,-20,-20,-20,-20,-27,-21,-27,-8,-40,-42,-27,-43,-58,-55,-64,-63,-116,-111,-114,-111,-114,-115,-106,-50,-56,-54,-60,-65,-81,-78,-136,-133,-284,-284,-287,-287,-269,-286,-288,-271,-263,-262,-288,-281,-273,-279,-286,-289,-287,-277,-295,-294,-308,-299,-320,-298,-443,-428,-335,-296,-724,-694,-29965,-29961,-5708,-5706]} 1. e4 {[%cal Be2e4,Be4e5][%mdl 32]} c5 2. Na3 (2. Nc3 d6 3. d4 cxd4 4. Qxd4 Nc6 5. Qd2 Nf6 6. b3 e6 7. Bb2 a6 8. O-O-O b5 9. f3 h5 10. Nh3 Be7 11. Ng5 {1-0 (31) Carlsen,M (2843)-Wojtaszek,R (2744) Shamkir 2018}) 2... Nc6 3. Bb5 g6 4. c3 Bg7 5. Nf3 Nf6 6. e5 {B31: Sicilian: 2...Nc6 3 Bb5 g6} Nd5 7. d4 $146 ({Predecessor:} 7. Bxc6 dxc6 8. h3 O-O 9. O-O h6 10. d4 cxd4 11. Qxd4 f6 12. Qh4 g5 13. Qh5 fxe5 {0-1 (32) Jensen,M (2026)-Mikkelsen,N (2399) Helsingor 2009}) 7... cxd4 8. cxd4 {The position is equal.} O-O 9. O-O d6 {[%cal Rd6e5]} 10. exd6 Qxd6 11. Nc4 Qc7 12. Ne3 Be6 13. Bxc6 Qxc6 14. Ne5 (14. Re1 $15) 14... Bxe5 $17 15. dxe5 Nf4 16. Qc2 Qxc2 17. Nxc2 Nd3 ({Black should try} 17... Ne2+ $17 18. Kh1 Nxc1 19. Raxc1 Bxa2) 18. Nd4 Rfd8 19. Nxe6 fxe6 20. f4 Nb4 21. b3 {[#]} (21. a3 $142 Nc2 22. Ra2) 21... Rac8 $1 22. Ba3 $2 {[#]} (22. h3 $17) 22... Nc2 $1 $19 {[%csl LRa1,LRa3]} 23. Bxe7 Rd7 24. Bd6 Nxa1 25. Rxa1 {[%mdl 4096] Endgame KRR-KRB} Rc2 26. a4 Rd8 27. h3 Rdc8 28. Kh2 Rd2 29. b4 Rcc2 30. Rg1 h5 31. a5 Kf7 32. Bc5 a6 33. Kg3 {[#]} h4+ $1 {[%mdl 512]} 34. Kxh4 (34. Kh2 $142) 34... Rxg2 35. Rd1 Rc4 {[%cal Rc4f4]} 36. Rd7+ $2 (36. Rd4 Rxd4 37. Bxd4) 36... Ke8 {[%cal Rc4f4]} 37. Re7+ Kd8 {[%cal Rc4f4]} 38. Rf7 {[#]} Rxf4+ $1 {[%mdl 512] Precision: White = 42%, Black = 89%.} 0-1